[Event "NATO-ch 22nd"]
[Site "Kaunas"]
[Date "2011.08.09"]
[Round "2.27"]
[White "Voroblievas, Arturas"]
[Black "Wagenaar, Harm Theo"]
[Result "1/2-1/2"]
[WhiteElo "1857"]
[BlackElo "2084"]
[PlyCount "121"]
[EventDate "2011.08.??"]
[EventType "swiss"]
[EventRounds "7"]
[EventCountry "LTU"]
[WhiteTeam "LTU"]
[BlackTeam "NED"]

1. e4 d5 2. exd5 Qxd5 3. Nc3 Qa5 4. d4 Nf6 5. Bc4 c6 6. Nf3 Bf5 7. Ne5 e6 8.
O-O Nbd7 9. Nxd7 Nxd7 10. Bd2 Bb4 11. a3 Bxc3 12. Bxc3 Qc7 13. Qe2 O-O 14. Bb3
Rfe8 15. Rfe1 Nf6 16. f3 Rad8 17. Rad1 h6 18. Kh1 Rd7 19. Rd2 Nd5 20. Bxd5 cxd5
21. Rdd1 Rc8 22. Qd2 Qc6 23. Qf4 Qa4 24. Rc1 Bxc2 25. Bd2 Rdc7 26. Qg3 Kh7 27.
h3 Qd7 28. Bf4 Rc6 29. Be5 Bg6 30. Rxc6 Rxc6 31. h4 f6 32. Bf4 Rc2 33. Kh2 Rxb2
34. h5 Bf5 35. Rc1 Rc2 36. Rxc2 Bxc2 37. Qe1 a6 38. Qe2 Qc6 39. Bg3 Bf5 40. Bf4
Bc2 41. g4 Kg8 42. Qe3 Bh7 43. Kg3 Qd7 44. Qc3 Kf7 45. Qc5 Bd3 46. Qb6 Ke8 47.
Qa7 Bb5 48. Qb8+ Kf7 49. Qh8 Qe8 50. Qh7 Qf8 51. Bxh6 Bd3 52. Qxd3 gxh6 53.
Qg6+ Ke7 54. Qh7+ Kd8 55. Qxb7 Qxa3 56. Qg7 Qc1 57. Qxf6+ Kd7 58. Qf7+ Kd6 59.
Qf8+ Kd7 60. Qf7+ Kd6 61. Qf8+ 1/2-1/2

[Event "NATO-ch 22nd"]
[Site "Kaunas"]
[Date "2011.08.09"]
[Round "2.28"]
[White "Ivsek, Cveto"]
[Black "Toll, Alec J"]
[Result "1-0"]
[WhiteElo "1823"]
[BlackElo "2070"]
[PlyCount "125"]
[EventDate "2011.08.??"]
[EventType "swiss"]
[EventRounds "7"]
[EventCountry "LTU"]
[WhiteTeam "SLO"]
[BlackTeam "ENG"]

1. d4 e5 2. dxe5 Nc6 3. Nf3 Qe7 4. g3 Nxe5 5. Nxe5 Qxe5 6. Bg2 Nf6 7. O-O d5 8.
c3 c6 9. Bf4 Qh5 10. Nd2 Bc5 11. e4 Qxd1 12. Raxd1 Bg4 13. Rc1 O-O-O 14. Bg5
Be7 15. e5 Ng8 16. Be3 Kb8 17. Nb3 h5 18. h4 Nh6 19. Nd4 Nf5 20. Bf4 Nxd4 21.
cxd4 Be6 22. Rc3 Rhg8 23. Bf3 g5 24. hxg5 Bxg5 25. Bxg5 Rxg5 26. Kg2 h4 27. Be2
Rdg8 28. Rh1 hxg3 29. Rxg3 Bf5 30. Bf3 Kc7 31. Rh5 Rxg3+ 32. fxg3 Bg6 33. Rh4
Kd8 34. Rf4 Ke7 35. Rf6 Bd3 36. Bh5 Be4+ 37. Kf2 Rg7 38. Rh6 Rh7 39. Rxh7 Bxh7
40. Ke3 a5 41. a3 b6 42. b4 axb4 43. axb4 Bf5 44. Kf4 Bc2 45. Bg4 Ba4 46. Bf5
Bb3 47. g4 Bd1 48. g5 Ba4 49. Bd3 Bb3 50. b5 Ba4 51. bxc6 Bxc6 52. Bc2 Bb5 53.
Ke3 Bc4 54. Kd2 b5 55. Kc3 Ke6 56. Kb4 Bf1 57. Kc5 Bc4 58. g6 fxg6 59. Bxg6 Be2
60. Bh7 Bf1 61. Bg8+ Kd7 62. Bxd5 Ke7 63. Bc6 1-0

[Event "NATO-ch 22nd"]
[Site "Kaunas"]
[Date "2011.08.09"]
[Round "2.29"]
[White "Geerts, Luc"]
[Black "Lutz, Bernhard"]
[Result "1/2-1/2"]
[WhiteElo "1515"]
[BlackElo "2318"]
[PlyCount "57"]
[EventDate "2011.08.??"]
[EventType "swiss"]
[EventRounds "7"]
[EventCountry "LTU"]
[WhiteTeam "BEL"]
[BlackTeam "GER"]

1. d4 Nf6 2. c4 e6 3. Nf3 b6 4. Nc3 Bb4 5. Bg5 h6 6. Bh4 Bb7 7. e3 O-O 8. Be2
c5 9. O-O cxd4 10. Nxd4 Be7 11. Bf3 Qc8 12. Bxb7 Qxb7 13. Qc2 Nc6 14. Rad1 Ne5
15. Ncb5 a6 16. Bxf6 Bxf6 17. Nd6 Qc7 18. Ne4 Be7 19. b3 f5 20. Nd2 b5 21. f4
Ng4 22. Qd3 bxc4 23. Nxc4 Rac8 24. h3 Nf6 25. Rc1 Nd5 26. Ne5 Qa7 27. Rxc8 Rxc8
28. Nxf5 Bf8 29. Nxh6+ 1/2-1/2

[Event "NATO-ch 22nd"]
[Site "Kaunas"]
[Date "2011.08.09"]
[Round "2.30"]
[White "Oltean, Gusztav"]
[Black "Van den Heuvel, Tonnie"]
[Result "1-0"]
[WhiteElo "2118"]
[BlackElo "1934"]
[PlyCount "39"]
[EventDate "2011.08.??"]
[EventType "swiss"]
[EventRounds "7"]
[EventCountry "LTU"]
[WhiteTeam "HUN"]
[BlackTeam "NED"]

1. c4 e5 2. g3 Nc6 3. Bg2 g6 4. Nc3 Bg7 5. e3 Nge7 6. Nge2 O-O 7. d4 exd4 8.
exd4 Nf5 9. d5 Ncd4 10. O-O c5 11. Nxd4 Nxd4 12. Bf4 b6 13. Ne4 Ba6 14. Rc1 f5
15. Nd6 g5 16. Be3 Qe7 17. Nb5 Nxb5 18. cxb5 Bxb5 19. d6 Qd8 20. Qb3+ 1-0

[Event "NATO-ch 22nd"]
[Site "Kaunas"]
[Date "2011.08.09"]
[Round "2.31"]
[White "Mottais, Francois"]
[Black "Adolfssen, Rico"]
[Result "1-0"]
[WhiteElo "2065"]
[BlackElo "1912"]
[PlyCount "59"]
[EventDate "2011.08.??"]
[EventType "swiss"]
[EventRounds "7"]
[EventCountry "LTU"]
[WhiteTeam "FRA"]
[BlackTeam "DEN"]

1. d4 Nf6 2. c4 e5 3. dxe5 Ng4 4. e4 Nxe5 5. f4 Nec6 6. Be3 b6 7. Nf3 Bb7 8.
Nc3 Bb4 9. Bd3 Bxc3+ 10. bxc3 d6 11. O-O Nd7 12. Nd4 g6 13. Nxc6 Bxc6 14. Bd4
Rg8 15. e5 dxe5 16. fxe5 Qg5 17. Qe2 O-O-O 18. Be4 Bxe4 19. Qxe4 Kb8 20. Rxf7
Rgf8 21. Raf1 Rxf7 22. Rxf7 Rf8 23. e6 Qc1+ 24. Kf2 Qd2+ 25. Kg3 Qg5+ 26. Kf3
Rxf7+ 27. exf7 Qd8 28. Qe8 Kc8 29. Bf6 Nxf6 30. Qxd8+ 1-0

[Event "NATO-ch 22nd"]
[Site "Kaunas"]
[Date "2011.08.09"]
[Round "2.33"]
[White "Pazeriene, Diana"]
[Black "Csizmadia, Csaba"]
[Result "1-0"]
[WhiteElo "2037"]
[BlackElo "1888"]
[PlyCount "65"]
[EventDate "2011.08.??"]
[EventType "swiss"]
[EventRounds "7"]
[EventCountry "LTU"]
[WhiteTeam "LTU"]
[BlackTeam "HUN"]

1. Nf3 Nf6 2. d4 d5 3. c4 c6 4. Nc3 e6 5. Bg5 Nbd7 6. e3 b6 7. Bd3 dxc4 8. Bxc4
Be7 9. O-O Bb7 10. Qe2 O-O 11. Rfd1 h6 12. Bh4 b5 13. Bd3 a6 14. Bxf6 Nxf6 15.
Ne4 Nd5 16. Rac1 Rc8 17. Nc5 Qc7 18. Bb1 Bxc5 19. Rxc5 Nb6 20. Ne5 Nd7 21. Qc2
f5 22. Nxd7 Qxd7 23. g3 g5 24. a3 Kg7 25. Rc1 Rce8 26. Re5 h5 27. Qe2 Kh6 28.
Rcc5 Qg7 29. Ba2 Qg6 30. Bb1 Rd8 31. e4 f4 32. h4 fxg3 33. fxg3 1-0

[Event "NATO-ch 22nd"]
[Site "Kaunas"]
[Date "2011.08.09"]
[Round "2.34"]
[White "Demjen, Attila"]
[Black "Lukjanovas, Vladas"]
[Result "1-0"]
[WhiteElo "2032"]
[BlackElo "1893"]
[PlyCount "151"]
[EventDate "2011.08.??"]
[EventType "swiss"]
[EventRounds "7"]
[EventCountry "LTU"]
[WhiteTeam "HUN"]
[BlackTeam "LTU"]

1. e4 d5 2. exd5 Nf6 3. d4 Nxd5 4. c4 Nb4 5. Qa4+ N4c6 6. d5 Bd7 7. dxc6 Nxc6
8. Nf3 e5 9. Nc3 a6 10. Qb3 Bc5 11. Bg5 f6 12. Be3 Bxe3 13. fxe3 b6 14. Rd1 Qc8
15. Be2 O-O 16. c5+ Be6 17. Bc4 Bxc4 18. Qxc4+ Kh8 19. cxb6 cxb6 20. Rd6 Na5
21. Qxc8 Raxc8 22. Nd2 Rfd8 23. Rxd8+ Rxd8 24. Ke2 h5 25. Rf1 Kh7 26. Nce4 Rc8
27. b4 Nb7 28. Kd3 Nd8 29. Nb3 Nc6 30. a3 Ne7 31. Rc1 Rd8+ 32. Ke2 Kh6 33. Rc7
Nd5 34. Rc6 h4 35. Rd6 Rxd6 36. Nxd6 Kg5 37. Nd2 f5 38. Nf3+ Kf6 39. Nxh4 g6
40. Nf3 Nc3+ 41. Ke1 Nb1 42. Nc4 b5 43. Nfd2 Nc3 44. Nd6 Nd5 45. Kf2 e4 46. Nb7
g5 47. Nc5 Nc7 48. g4 fxg4 49. Ndxe4+ Kf5 50. Nd6+ Ke5 51. Nf7+ Kd5 52. e4+ Kc4
53. e5 a5 54. Nxg5 axb4 55. axb4 Kxb4 56. Nge4 Kc4 57. e6 b4 58. e7 Kd5 59. Ke3
Ne8 60. Kf4 b3 61. Nxb3 Ke6 62. Kxg4 Kxe7 63. Nd4 Kf7 64. Kg5 Nc7 65. Nd6+ Kg7
66. N4f5+ Kh7 67. Ne4 Ne6+ 68. Kf6 Nf4 69. Ng5+ Kh8 70. Ne6 Nh3 71. Nh6 Nf2 72.
Kg6 Nd3 73. Nf7+ Kg8 74. h4 Nb4 75. Nh6+ Kh8 76. Ng5 1-0

[Event "NATO-ch 22nd"]
[Site "Kaunas"]
[Date "2011.08.09"]
[Round "2.35"]
[White "De Cat, Ben"]
[Black "Koopmeiners, Karl"]
[Result "1/2-1/2"]
[WhiteElo "1900"]
[BlackElo "2022"]
[PlyCount "41"]
[EventDate "2011.08.??"]
[EventType "swiss"]
[EventRounds "7"]
[EventCountry "LTU"]
[WhiteTeam "BEL"]
[BlackTeam "NATO"]

1. b4 e5 2. Bb2 d6 3. e3 Nf6 4. Nf3 g6 5. d4 e4 6. Nfd2 Bg7 7. c4 O-O 8. Nc3
Re8 9. Qc2 Qe7 10. b5 a6 11. a4 axb5 12. axb5 Rxa1+ 13. Bxa1 Nbd7 14. Be2 Nb6
15. O-O Bf5 16. Na4 Nbd7 17. Rc1 h5 18. c5 dxc5 19. Nxc5 Nxc5 20. Qxc5 Qxc5 21.
Rxc5 1/2-1/2

[Event "NATO-ch 22nd"]
[Site "Kaunas"]
[Date "2011.08.09"]
[Round "2.36"]
[White "Lustig, Mickael"]
[Black "Jackson, Andy"]
[Result "1-0"]
[WhiteElo "2019"]
[BlackElo "1840"]
[PlyCount "51"]
[EventDate "2011.08.??"]
[EventType "swiss"]
[EventRounds "7"]
[EventCountry "LTU"]
[WhiteTeam "NATO"]
[BlackTeam "BEL"]

1. e4 e5 2. Nf3 Nf6 3. Nc3 Nc6 4. d4 Bb4 5. Bg5 exd4 6. Nxd4 h6 7. Nxc6 bxc6 8.
Bd2 O-O 9. Bd3 Re8 10. f3 d5 11. O-O Bc5+ 12. Kh1 Nh5 13. f4 Nf6 14. e5 Bg4 15.
Qe1 Nd7 16. Qg3 Bh5 17. Ne2 Be7 18. Nd4 Bh4 19. Qh3 Nc5 20. g3 Nxd3 21. cxd3 c5
22. Nc6 Qc8 23. Qxh4 Qf5 24. Ne7+ Rxe7 25. Qxe7 Qxd3 26. Rf2 1-0

[Event "NATO-ch 22nd"]
[Site "Kaunas"]
[Date "2011.08.09"]
[Round "2.37"]
[White "Ola, Nathanial"]
[Black "Giedraitis, Mingaudas"]
[Result "0-1"]
[WhiteElo "2019"]
[BlackElo "1800"]
[PlyCount "96"]
[EventDate "2011.08.??"]
[EventType "swiss"]
[EventRounds "7"]
[EventCountry "LTU"]
[WhiteTeam "USA"]
[BlackTeam "NATO"]

1. e4 d5 2. exd5 Qxd5 3. Nc3 Qa5 4. Nf3 Bf5 5. Be2 Nf6 6. O-O e6 7. d3 Be7 8.
Bd2 c6 9. Nd4 Bg6 10. Bf3 O-O 11. a3 Qd8 12. Nde2 Nbd7 13. Nf4 Bf5 14. Kh1 Nb6
15. b4 Nbd5 16. Ncxd5 Nxd5 17. Nxd5 exd5 18. Be3 d4 19. Bf4 Bd6 20. Qd2 Qc7 21.
Bxd6 Qxd6 22. Qg5 Qd7 23. Rfe1 Rae8 24. h3 Bxh3 25. Be4 f5 26. Bf3 Bg4 27. Bxg4
fxg4 28. Kg1 h6 29. Qh5 Re6 30. Qc5 Ref6 31. Re2 b6 32. Qh5 Qf7 33. Qh4 g5 34.
Qg3 h5 35. Qe5 Qd5 36. Qxd5+ cxd5 37. Re5 Rf5 38. Rae1 Kg7 39. Re7+ R8f7 40.
R1e5 Rxf2 41. Rxf7+ Rxf7 42. Rxd5 Rc7 43. Rxd4 Rxc2 44. Rc4 Rxc4 45. dxc4 Kf6
46. Kf2 Ke5 47. Ke3 h4 48. a4 h3 0-1

[Event "NATO-ch 22nd"]
[Site "Kaunas"]
[Date "2011.08.09"]
[Round "2.38"]
[White "Skwarczynski, Marcin"]
[Black "Bellemare, Regis"]
[Result "0-1"]
[WhiteElo "2011"]
[BlackElo "1736"]
[PlyCount "100"]
[EventDate "2011.08.??"]
[EventType "swiss"]
[EventRounds "7"]
[EventCountry "LTU"]
[WhiteTeam "NATO"]
[BlackTeam "CAN"]

1. e4 c5 2. Nf3 d6 3. d4 cxd4 4. Nxd4 g6 5. Nc3 Bg7 6. Be3 Nc6 7. Qd2 Nxd4 8.
Bxd4 Bxd4 9. Qxd4 Nf6 10. O-O-O O-O 11. Bc4 Qa5 12. f3 Qg5+ 13. Qd2 Qxd2+ 14.
Rxd2 a6 15. g4 b5 16. Bb3 Bb7 17. g5 Nd7 18. Bd5 Rab8 19. Re1 Ne5 20. Rf2 Rfc8
21. Bxb7 Rxb7 22. Kb1 b4 23. Nd5 Rc5 24. h4 a5 25. h5 a4 26. hxg6 fxg6 27. Rh1
e6 28. Nf6+ Kh8 29. Rfh2 Rcc7 30. f4 Nf3 31. Rf2 Nd4 32. Rd1 Nb5 33. f5 b3 34.
axb3 exf5 35. exf5 a3 36. fxg6 axb2 37. Kxb2 Nc3 38. Rh1 Ra7 39. Rxh7+ Rxh7 40.
gxh7 Nd1+ 41. Kc1 Nxf2 42. g6 Rg7 43. c4 Rxg6 44. Nd5 Kxh7 45. Kc2 Rg3 46. b4
Ng4 47. c5 dxc5 48. bxc5 Ne3+ 49. Nxe3 Rxe3 50. Kd2 Re5 0-1

[Event "NATO-ch 22nd"]
[Site "Kaunas"]
[Date "2011.08.09"]
[Round "2.39"]
[White "Cohnen, Michael"]
[Black "Dawson, David"]
[Result "0-1"]
[WhiteElo "1777"]
[BlackElo "2000"]
[PlyCount "114"]
[EventDate "2011.08.??"]
[EventType "swiss"]
[EventRounds "7"]
[EventCountry "LTU"]
[WhiteTeam "NATO"]
[BlackTeam "ENG"]

1. d4 e6 2. c4 b6 3. Nc3 Bb4 4. Qc2 f5 5. Nf3 Nf6 6. a3 Bxc3+ 7. Qxc3 O-O 8.
Bg5 Qe8 9. Bxf6 Rxf6 10. e3 Bb7 11. Be2 d6 12. Rd1 Nc6 13. O-O Ne7 14. Nd2 g5
15. Bf3 Bxf3 16. Nxf3 Qh5 17. Rfe1 g4 18. Nd2 Rh6 19. Nf1 Ng6 20. g3 e5 21. c5
Rf8 22. Qc4+ Kh8 23. Qd5 Ne7 24. Qg2 Qg5 25. cxd6 cxd6 26. dxe5 dxe5 27. Rd7 e4
28. Red1 Nc6 29. R1d5 Qf6 30. b4 Qb2 31. f4 Qxa3 32. Qc2 Nxb4 33. Qc4 Nxd5 34.
Qxd5 Qc5 35. Qd2 Rc6 36. Rxa7 Qd6 37. Qa2 Rc7 38. Ra4 Rfc8 39. Rd4 Qf6 40. Qb2
Rc6 41. Qb5 Kg7 42. Rd7+ Kg6 43. Qd5 Rc5 44. Qd2 R8c6 45. Rd8 b5 46. Rg8+ Kh6
47. Rg5 Rc7 48. Qb4 Qc3 49. Qb1 Qc1 50. Qa2 Rc4 51. h3 Qxf1+ 52. Kxf1 Rc1+ 53.
Kg2 R7c2+ 54. Qxc2 Rxc2+ 55. Kh1 b4 56. Rxf5 b3 57. hxg4 b2 0-1

[Event "NATO-ch 22nd"]
[Site "Kaunas"]
[Date "2011.08.09"]
[Round "2.40"]
[White "Patron, Pascal"]
[Black "Stone, Stephen"]
[Result "1-0"]
[WhiteElo "1997"]
[BlackElo "1609"]
[PlyCount "75"]
[EventDate "2011.08.??"]
[EventType "swiss"]
[EventRounds "7"]
[EventCountry "LTU"]
[WhiteTeam "NATO"]
[BlackTeam "CAN"]

1. e4 c6 2. d4 d5 3. Nc3 dxe4 4. Nxe4 g6 5. Bc4 Nf6 6. Ng5 Nd5 7. Qf3 f6 8. Ne4
Bg7 9. Ne2 O-O 10. h4 h5 11. Nf4 Kh7 12. Nxd5 cxd5 13. Bxd5 e6 14. Bb3 Qxd4 15.
O-O Nc6 16. c3 Qb6 17. Be3 Qc7 18. Rad1 e5 19. Qg3 Bf5 20. Nd6 Ne7 21. f4 Bg4
22. Rd2 Rad8 23. fxe5 fxe5 24. Rxf8 Rxf8 25. Nf7 Nf5 26. Ng5+ Kh8 27. Qe1 Nxe3
28. Qxe3 Qe7 29. Rf2 Rxf2 30. Qxf2 Bf8 31. Qxa7 Qc7 32. Kh1 Bc5 33. Qa8+ Kg7
34. Qg8+ Kf6 35. Qh8+ Kf5 36. Bc2+ Kf4 37. Qh6 Kg3 38. Ne4+ 1-0

[Event "NATO-ch 22nd"]
[Site "Kaunas"]
[Date "2011.08.09"]
[Round "2.41"]
[White "Ulusoy, Mustafa"]
[Black "Geroly, Jozsef"]
[Result "0-1"]
[WhiteElo "1720"]
[BlackElo "1978"]
[PlyCount "28"]
[EventDate "2011.08.??"]
[EventType "swiss"]
[EventRounds "7"]
[EventCountry "LTU"]
[WhiteTeam "NATO"]
[BlackTeam "HUN"]

1. d4 Nf6 2. c4 g6 3. Nc3 d5 4. e3 Bg7 5. cxd5 Nxd5 6. Qb3 Nxc3 7. Qxc3 O-O 8.
Bb5 a6 9. Ba4 b5 10. Bb3 Bb7 11. f3 Nd7 12. Qc2 c5 13. dxc5 Rc8 14. Qd2 Nxc5
0-1

[Event "NATO-ch 22nd"]
[Site "Kaunas"]
[Date "2011.08.09"]
[Round "2.42"]
[White "Ghiacy, Jelani"]
[Black "Chwieseni, Edward"]
[Result "0-1"]
[WhiteElo "1154"]
[BlackElo "1960"]
[PlyCount "80"]
[EventDate "2011.08.??"]
[EventType "swiss"]
[EventRounds "7"]
[EventCountry "LTU"]
[WhiteTeam "CAN"]
[BlackTeam "ENG"]

1. e4 e5 2. Bc4 Nf6 3. Nc3 Nc6 4. Nf3 Bb4 5. a3 Bxc3 6. dxc3 d6 7. h3 Nxe4 8.
Qd5 Be6 9. Qxe4 d5 10. Bxd5 Qxd5 11. Qxd5 Bxd5 12. Be3 O-O-O 13. O-O-O f6 14.
Nd2 Bxg2 15. Rhg1 Bxh3 16. Rxg7 Bf5 17. Rgg1 h5 18. f3 h4 19. Nf1 Rxd1+ 20.
Kxd1 Rd8+ 21. Kc1 Ne7 22. Nh2 Nd5 23. Bd2 Nf4 24. Bxf4 exf4 25. Rh1 Rg8 26. Ng4
Bxg4 27. Rxh4 Bxf3 28. Rxf4 Rg1+ 29. Kd2 Rg2+ 30. Kc1 Bd5 31. Rxf6 Be4 32. Rf8+
Kd7 33. Rf7+ Kc6 34. Rf6+ Kb5 35. a4+ Ka5 36. Rf4 Bxc2 37. Rb4 b6 38. Rd4 Bxa4
39. Kb1 Bb3 40. Rb4 Rg1# 0-1

[Event "NATO-ch 22nd"]
[Site "Kaunas"]
[Date "2011.08.09"]
[Round "2.43"]
[White "Steffers, Hendrik"]
[Black "Fissel, Daniel"]
[Result "0-1"]
[WhiteElo "1959"]
[BlackElo "1534"]
[PlyCount "92"]
[EventDate "2011.08.??"]
[EventType "swiss"]
[EventRounds "7"]
[EventCountry "LTU"]
[WhiteTeam "NATO"]
[BlackTeam "USA"]

1. d4 d5 2. Nf3 Nc6 3. e3 Bf5 4. c4 Bxb1 5. Rxb1 Nf6 6. Ne5 Qd6 7. c5 Qe6 8.
Bb5 Nd7 9. Bxc6 bxc6 10. Nd3 g6 11. O-O Bg7 12. Bd2 a5 13. Nf4 Qf5 14. Bc3 O-O
15. Qa4 e5 16. Ne2 Qe6 17. Qc2 h5 18. Qd2 f5 19. f4 exf4 20. Nxf4 Qe8 21. Qe2
Bh6 22. Qf3 Nf6 23. Rbe1 Bxf4 24. exf4 Ne4 25. Re2 Kh7 26. h3 h4 27. Be1 Qe7
28. g4 hxg3 29. Bxg3 Qf6 30. Rd1 Kg7 31. Rh2 Rab8 32. Be1 Rb5 33. a4 Rb7 34.
Bxa5 Ra8 35. Bc3 Rxa4 36. h4 Rb8 37. h5 Rh8 38. Rg2 Rh6 39. Kf1 Qh4 40. Rxg6+
Rxg6 41. hxg6 Kxg6 42. Ke2 Qh2+ 43. Ke3 Rc4 44. Bd2 Rc2 45. Be1 Rxb2 46. Rd2
Qxd2+ 0-1

[Event "NATO-ch 22nd"]
[Site "Kaunas"]
[Date "2011.08.09"]
[Round "2.44"]
[White "Vinoya, Mario"]
[Black "Landry, Guillaume"]
[Result "1-0"]
[WhiteElo "1953"]
[BlackElo "1274"]
[PlyCount "35"]
[EventDate "2011.08.??"]
[EventType "swiss"]
[EventRounds "7"]
[EventCountry "LTU"]
[WhiteTeam "USA"]
[BlackTeam "CAN"]

1. d4 d5 2. c4 c6 3. Nc3 Bf5 4. Nf3 Nf6 5. Qb3 b6 6. Ne5 e6 7. Bg5 Be7 8. Rc1
O-O 9. e3 Ne4 10. Bxe7 Qxe7 11. cxd5 exd5 12. Be2 c5 13. Qxd5 Nxc3 14. bxc3 Nd7
15. Nc6 Qe4 16. Qxf5 Qxg2 17. Bf3 Qg6 18. Ne7+ 1-0

[Event "NATO-ch 22nd"]
[Site "Kaunas"]
[Date "2011.08.08"]
[Round "3.1"]
[White "Drabke, Lorenz Maximilian"]
[Black "Van Rijn, Wouter"]
[Result "1/2-1/2"]
[WhiteElo "2472"]
[BlackElo "2191"]
[PlyCount "49"]
[EventDate "2011.08.??"]
[EventType "swiss"]
[EventRounds "7"]
[EventCountry "LTU"]
[WhiteTeam "GER"]
[BlackTeam "NED"]

1. e4 c5 2. Nc3 e5 3. Bc4 d6 4. d3 Nf6 5. f4 exf4 6. Bxf4 Nc6 7. Nf3 Be7 8. O-O
O-O 9. a3 Ng4 10. Nd5 Nge5 11. Qe1 Nxf3+ 12. Rxf3 Nd4 13. Rf2 Bh4 14. g3 Bg5
15. Qe3 Ne6 16. Raf1 Kh8 17. Bxg5 Nxg5 18. Kh1 Bh3 19. Rg1 Be6 20. g4 f6 21.
Qg3 Nf7 22. Rgf1 Qd7 23. Bb3 Rfe8 24. Qh4 Ng5 25. Qg3 1/2-1/2

[Event "NATO-ch 22nd"]
[Site "Kaunas"]
[Date "2011.08.09"]
[Round "3.2"]
[White "Nielsen, Rene O"]
[Black "Haznedaroglu, Kivanc"]
[Result "0-1"]
[WhiteElo "2149"]
[BlackElo "2444"]
[PlyCount "106"]
[EventDate "2011.08.??"]
[EventType "swiss"]
[EventRounds "7"]
[EventCountry "LTU"]
[WhiteTeam "DEN"]
[BlackTeam "TUR"]

1. e4 d6 2. d4 Nf6 3. Nc3 g6 4. Nf3 Bg7 5. h3 O-O 6. Be3 c6 7. Be2 Nbd7 8. Qd2
b5 9. a3 a6 10. e5 Ne8 11. Ne4 dxe5 12. dxe5 Nc7 13. O-O-O Ne6 14. Bh6 Qc7 15.
Bxg7 Kxg7 16. h4 Nxe5 17. h5 Rd8 18. Qc3 Rxd1+ 19. Bxd1 f6 20. hxg6 hxg6 21.
Nxe5 Qxe5 22. Qh3 Nf8 23. Qe3 Bf5 24. Qh6+ Kf7 25. Nc3 a5 26. g4 Be6 27. Nb1
Rd8 28. Bf3 Bd5 29. Bxd5+ Rxd5 30. Nd2 Qe2 31. f3 Ne6 32. Rd1 a4 33. Qh1 Kg7
34. Qe1 Nf4 35. Qxe2 Nxe2+ 36. Kb1 e5 37. c3 f5 38. gxf5 gxf5 39. Kc2 Kf6 40.
Rh1 Kg5 41. Rh2 Ng3 42. c4 Rd6 43. Rh3 Kf4 44. Kc3 Ne2+ 45. Kc2 Ke3 46. Nf1+
Kf2 47. Nd2 Nf4 48. Rh2+ Ke3 49. cxb5 cxb5 50. Kd1 Rd8 51. Kc2 Ne6 52. Kc3 Rd3+
53. Kc2 Nd4+ 0-1

[Event "NATO-ch 22nd"]
[Site "Kaunas"]
[Date "2011.08.09"]
[Round "3.3"]
[White "Erturan, Yakup"]
[Black "Jauk, Wilhelm"]
[Result "1-0"]
[WhiteElo "2342"]
[BlackElo "2164"]
[PlyCount "57"]
[EventDate "2011.08.??"]
[EventType "swiss"]
[EventRounds "7"]
[EventCountry "LTU"]
[WhiteTeam "TUR"]
[BlackTeam "GER"]

1. e4 c6 2. d4 d5 3. e5 Bf5 4. Nd2 e6 5. Nb3 Nd7 6. Nf3 a6 7. Be3 Rc8 8. Be2 f6
9. exf6 Ngxf6 10. Ng5 Bd6 11. g4 Bg6 12. Bd3 Bxd3 13. Qxd3 Qe7 14. O-O-O O-O
15. f3 a5 16. Rde1 a4 17. Nd2 e5 18. Bf2 h6 19. Nh3 Qf7 20. g5 Qh5 21. gxf6
Qxh3 22. fxg7 Rf4 23. Rhg1 e4 24. Qe3 Nf6 25. Bg3 Nh5 26. fxe4 dxe4 27. Bxf4
Nxf4 28. Qxe4 a3 29. Qe8+ 1-0

[Event "NATO-ch 22nd"]
[Site "Kaunas"]
[Date "2011.08.09"]
[Round "3.4"]
[White "Helbig, Mark"]
[Black "Kapral, Krzysztof"]
[Result "0-1"]
[WhiteElo "2315"]
[BlackElo "2157"]
[PlyCount "66"]
[EventDate "2011.08.??"]
[EventType "swiss"]
[EventRounds "7"]
[EventCountry "LTU"]
[WhiteTeam "GER"]
[BlackTeam "POL"]

1. d4 d5 2. c4 c6 3. cxd5 cxd5 4. Nc3 Nf6 5. Nf3 Nc6 6. Bf4 Bf5 7. Rc1 e6 8.
Qb3 Bb4 9. e3 O-O 10. Be2 Ne4 11. Ne5 Bxc3+ 12. bxc3 Na5 13. Qa3 f6 14. Nf3 g5
15. Bg3 Nc4 16. Bxc4 dxc4 17. Nd2 Nxd2 18. Kxd2 Rf7 19. f3 Bd3 20. Ke1 Rd7 21.
e4 b5 22. h4 g4 23. fxg4 Bxe4 24. Kf2 a5 25. Qc5 b4 26. Rhe1 Rc8 27. Qh5 Bg6
28. Qh6 bxc3 29. Rxe6 Rxd4 30. Bf4 Rd2+ 31. Kg3 Qd5 32. Bxd2 cxd2 33. Re7 Qd6+
0-1

[Event "NATO-ch 22nd"]
[Site "Kaunas"]
[Date "2011.08.09"]
[Round "3.5"]
[White "Kersic, Matej"]
[Black "Pedersen, Finn"]
[Result "1/2-1/2"]
[WhiteElo "2128"]
[BlackElo "2279"]
[PlyCount "107"]
[EventDate "2011.08.??"]
[EventType "swiss"]
[EventRounds "7"]
[EventCountry "LTU"]
[WhiteTeam "SLO"]
[BlackTeam "DEN"]

1. e4 c6 2. Nf3 d5 3. Nc3 dxe4 4. Nxe4 Bg4 5. Be2 Nd7 6. d4 e6 7. h3 Bh5 8. c3
Ngf6 9. Nxf6+ Nxf6 10. Ne5 Bxe2 11. Qxe2 Bd6 12. O-O Qc7 13. a4 O-O 14. Bg5 Nd7
15. Nc4 Rfe8 16. Nxd6 Qxd6 17. Rfd1 Qd5 18. Qg4 Nf8 19. Be3 a5 20. h4 h5 21.
Qe2 b5 22. Qc2 Ng6 23. g3 Qf3 24. Re1 e5 25. Qd1 Qf5 26. Kg2 e4 27. b3 Re6 28.
Qe2 Ne7 29. c4 b4 30. Rad1 Rd8 31. Rd2 Qg6 32. Kh1 Nf5 33. Kh2 Red6 34. Red1
Nxe3 35. fxe3 Rf6 36. Rf1 Rdd6 37. Rf4 Rxf4 38. exf4 Qf5 39. Qe3 f6 40. Re2 Re6
41. Rd2 Kh7 42. d5 cxd5 43. Rxd5 Qg4 44. Qc5 Qe2+ 45. Kg1 Kh6 46. Qc8 Qe3+ 47.
Kg2 Qf3+ 48. Kh2 Qe2+ 49. Kg1 Qe3+ 50. Kg2 Qf3+ 51. Kh2 Qf2+ 52. Kh3 Qf1+ 53.
Kh2 Qe2+ 54. Kg1 1/2-1/2

[Event "NATO-ch 22nd"]
[Site "Kaunas"]
[Date "2011.08.09"]
[Round "3.6"]
[White "Andersen, Hans Christoph"]
[Black "Hernandez, Albertryan"]
[Result "1-0"]
[WhiteElo "2211"]
[BlackElo "2072"]
[PlyCount "83"]
[EventDate "2011.08.??"]
[EventType "swiss"]
[EventRounds "7"]
[EventCountry "LTU"]
[WhiteTeam "GER"]
[BlackTeam "USA"]

1. d4 Nf6 2. c4 e6 3. Nc3 Bb4 4. Qc2 d5 5. a3 Bxc3+ 6. Qxc3 Ne4 7. Qc2 Nc6 8.
e3 O-O 9. Bd3 f5 10. Ne2 Bd7 11. O-O b6 12. f3 dxc4 13. Bxc4 Nd6 14. Ba2 Kh8
15. Nf4 e5 16. Ne6 Bxe6 17. Bxe6 Ne7 18. dxe5 Nf7 19. f4 c5 20. Rd1 Qe8 21. Bd7
Qb8 22. Bd2 Qc7 23. Bc3 Rad8 24. Bxf5 Nd5 25. Qe4 Nxc3 26. bxc3 g6 27. Bg4 Nh6
28. Bf3 Qe7 29. g3 Nf5 30. Kf2 Ng7 31. c4 Ne6 32. Qc6 Rxd1 33. Rxd1 Rd8 34.
Rxd8+ Nxd8 35. Qf6+ Qxf6 36. exf6 Kg8 37. Bd5+ Kf8 38. e4 Nf7 39. Bxf7 Kxf7 40.
e5 Ke6 41. Ke3 a6 42. a4 1-0

[Event "NATO-ch 22nd"]
[Site "Kaunas"]
[Date "2011.08.09"]
[Round "3.7"]
[White "Vaznonis, Vytautas"]
[Black "Lazar, Ales Sr"]
[Result "1/2-1/2"]
[WhiteElo "2395"]
[BlackElo "2150"]
[PlyCount "45"]
[EventDate "2011.08.??"]
[EventType "swiss"]
[EventRounds "7"]
[EventCountry "LTU"]
[WhiteTeam "LTU"]
[BlackTeam "SLO"]

1. d4 d5 2. c4 c6 3. Nf3 Nf6 4. e3 e6 5. Bd3 Nbd7 6. O-O Bd6 7. Nbd2 O-O 8. e4
e5 9. cxd5 cxd5 10. exd5 exd4 11. Nxd4 Nb6 12. Nb5 Bb8 13. Ne4 Nbxd5 14. Bg5
Be5 15. Nxf6+ Bxf6 16. Bxf6 Nxf6 17. Bc4 Bd7 18. Nd6 Bc6 19. Qd4 Ne4 20. Rfd1
Qxd6 21. Qxd6 Nxd6 22. Rxd6 Rfd8 23. Rad1 1/2-1/2

[Event "NATO-ch 22nd"]
[Site "Kaunas"]
[Date "2011.08.09"]
[Round "3.8"]
[White "Onley, David"]
[Black "Wantiez, Fabrice"]
[Result "0-1"]
[WhiteElo "2105"]
[BlackElo "2357"]
[PlyCount "76"]
[EventDate "2011.08.??"]
[EventType "swiss"]
[EventRounds "7"]
[EventCountry "LTU"]
[WhiteTeam "ENG"]
[BlackTeam "BEL"]

1. e4 e5 2. Nf3 Nc6 3. Bb5 a6 4. Ba4 Nf6 5. O-O Be7 6. Re1 b5 7. Bb3 d6 8. c3
O-O 9. h3 a5 10. d4 a4 11. Bc2 Nd7 12. Bd3 Rb8 13. Qe2 Ba6 14. b3 exd4 15. bxa4
Nc5 16. axb5 Nxd3 17. Qxd3 Bxb5 18. c4 Nb4 19. Qb3 Bd7 20. Ba3 c5 21. Bxb4 Rxb4
22. Qd3 Qa8 23. Nbd2 Rfb8 24. e5 d5 25. e6 Bxe6 26. Ne5 dxc4 27. Nexc4 Bg5 28.
Qg3 Bxd2 29. Nxd2 c4 30. Qd6 Qd5 31. Qxd5 Bxd5 32. Rac1 c3 33. Nf3 Bxf3 34.
gxf3 f5 35. Kg2 Kf7 36. Kg3 Re8 37. Rxe8 Kxe8 38. f4 Rc4 0-1